<?xml version="1.0" encoding="UTF-8"?>
<record
    xmlns:xsi="http://www.w3.org/2001/XMLSchema-instance"
    xsi:schemaLocation="http://www.loc.gov/MARC21/slim http://www.loc.gov/standards/marcxml/schema/MARC21slim.xsd"
    xmlns="http://www.loc.gov/MARC21/slim">

  <leader>00714nam a2200205Ia 4500</leader>
  <controlfield tag="003">OSt</controlfield>
  <controlfield tag="005">20240927100520.0</controlfield>
  <controlfield tag="008">210210b2014   xxu||||| |||| 00| 0 eng d</controlfield>
  <datafield tag="040" ind1=" " ind2=" ">
    <subfield code="c">AL</subfield>
  </datafield>
  <datafield tag="041" ind1=" " ind2=" ">
    <subfield code="a">Konkani</subfield>
  </datafield>
  <datafield tag="082" ind1=" " ind2=" ">
    <subfield code="a">491.46 PINC</subfield>
  </datafield>
  <datafield tag="100" ind1=" " ind2=" ">
    <subfield code="a">Pinto (George Aikol)</subfield>
    <subfield code="9">180424</subfield>
    <subfield code="d">&#xCAA;&#xCBF;&#xC82;&#xC9F;&#xCCA; (&#xC9C;&#xCBE;&#xCB0;&#xCCD;&#xC9C;&#xCCD; &#xC90;&#xC95;&#xCCB;&#xCB2;&#xCCD;)</subfield>
  </datafield>
  <datafield tag="245" ind1=" " ind2=" ">
    <subfield code="a">Chalti konkni: mulavya konknechem hat pustak </subfield>
    <subfield code="b">&#xC9A;&#xCB2;&#xCCD;&#xCA4;&#xCBF; &#xC95;&#xCCA;&#xC82;&#xC95;&#xCCD;&#xCA3;&#xCBF;: &#xCAE;&#xCC1;&#xCB3;&#xCBE;&#xCB5;&#xCCD;&#xCAF;&#xCBE; &#xC95;&#xCCA;&#xC82;&#xC95;&#xCCD;&#xCA3;&#xCC6;&#xC9A;&#xCC6;&#xC82; &#xCB9;&#xCBE;&#xCA4;&#xCCD; &#xCAA;&#xCC1;&#xCB8;&#xCCD;&#xCA4;&#xC95;&#xCCD;  </subfield>
  </datafield>
  <datafield tag="250" ind1=" " ind2=" ">
    <subfield code="a">2</subfield>
  </datafield>
  <datafield tag="260" ind1=" " ind2=" ">
    <subfield code="a">Manglur</subfield>
    <subfield code="b">Karnataka Konkani Sahitya Akademy.</subfield>
    <subfield code="c">2014</subfield>
  </datafield>
  <datafield tag="300" ind1=" " ind2=" ">
    <subfield code="a">vii,52</subfield>
  </datafield>
  <datafield tag="690" ind1=" " ind2=" ">
    <subfield code="a">Konkani Language</subfield>
    <subfield code="9">180433</subfield>
  </datafield>
  <datafield tag="906" ind1=" " ind2=" ">
    <subfield code="a">069503</subfield>
  </datafield>
  <datafield tag="942" ind1=" " ind2=" ">
    <subfield code="2">ddc</subfield>
    <subfield code="c">BK</subfield>
  </datafield>
  <datafield tag="999" ind1=" " ind2=" ">
    <subfield code="c">119098</subfield>
    <subfield code="d">119098</subfield>
  </datafield>
  <datafield tag="952" ind1=" " ind2=" ">
    <subfield code="0">0</subfield>
    <subfield code="1">0</subfield>
    <subfield code="4">0</subfield>
    <subfield code="7">0</subfield>
    <subfield code="8">Konkani</subfield>
    <subfield code="a">AL</subfield>
    <subfield code="b">AL</subfield>
    <subfield code="c">Konkani Language</subfield>
    <subfield code="d">2021-02-17</subfield>
    <subfield code="e">Karnataka konkani sahithya akademi, manglur</subfield>
    <subfield code="g">50.00</subfield>
    <subfield code="l">0</subfield>
    <subfield code="o">491.46 PINC</subfield>
    <subfield code="p">069503</subfield>
    <subfield code="r">2021-02-17 00:00:00</subfield>
    <subfield code="w">2021-02-17</subfield>
    <subfield code="y">BK</subfield>
  </datafield>
  <datafield tag="952" ind1=" " ind2=" ">
    <subfield code="0">0</subfield>
    <subfield code="1">0</subfield>
    <subfield code="4">0</subfield>
    <subfield code="7">0</subfield>
    <subfield code="8">Konkani</subfield>
    <subfield code="a">AL</subfield>
    <subfield code="b">AL</subfield>
    <subfield code="d">2016-09-10</subfield>
    <subfield code="e">General Annual</subfield>
    <subfield code="g">50.00</subfield>
    <subfield code="l">0</subfield>
    <subfield code="o">491.46 PINC</subfield>
    <subfield code="p">D04305</subfield>
    <subfield code="r">2021-07-19 00:00:00</subfield>
    <subfield code="w">2021-07-19</subfield>
    <subfield code="y">DB</subfield>
  </datafield>
</record>
